000 00188 a2200097 4500
020 _a0801064910
041 _aeng
100 _aJohn Ortberg
245 _aCoping with Depression
942 _cK
999 _c26886
_d26886